00402 2200145 4500245006100000250001100061100002300072700002200095650004200117005001900159260004700178041001400225084000800239336000900247 aPoros Kota Cina - Kota RantangcStanov PurnawibowohText aCet. 1 aStanov Purnawibowo aLucas P. Koestoro aArkelologi ; Kota Rantang ; Kota Cina a20240902103126 aMedanbBalai Arkeologi Sumatera tarac2016 aIndonesia a930 atext